[Event "Rijeka Liburnija op"]
[Site "Rijeka"]
[Date "2014.01.20"]
[Round "5"]
[White "Bahtovic, Dzemal"]
[Black "Radikovic, Anamarija"]
[Result "1-0"]
[WhiteElo "2000"]
[BlackElo "1600"]
[PlyCount "57"]
[EventDate "2014.01.17"]
[EventType "swiss"]
[EventRounds "9"]
[EventCountry "CRO"]
[SourceTitle "CBM 158 Extra"]
[Source "ChessBase"]
[SourceDate "2014.02.28"]
[SourceVersion "1"]
[SourceVersionDate "2014.02.28"]
[SourceQuality "1"]

1. e4 d5 2. e5 Nc6 3. d4 Bf5 4. h3 f6 5. Bf4 Qd7 6. Be2 0-0-0 7. Nf3 e6 8. c3 g5 9. Bg3 h5 10. exf6 h4 11. Be5 Nxe5 12. Nxe5 Qh7 13. Qa4 Kb8 14. Na3 Nxf6 15. Nb5 a6 16. Na3 Bxa3 17. Qxa3 Bb1 18. 0-0 Bf5 19. b4 Qe7 20. Bxa6 g4 21. Bxb7 Kxb7 22. Qa4 Rd6 23. b5 gxh3 24. Nc6 Rxc6 25. bxc6+ Kb8 26. Rab1+ Bxb1 27. Rxb1+ Qb4 28. Rxb4+ Kc8 29. Qa8# 1-0